Spievaj že si, spievaj (Record no. 14083)
[ view plain ]
| 000 -NÁVESTIE | |
|---|---|
| fixed length control field | 00243nam a2200109 a 4500 |
| 008 - ÚDAJE S PEVNOU DĹŽKOU – VŠEOBECNÉ INFORMÁCIE | |
| fixed length control field | 101210s1975|||| d |
| 044 ## - KÓD KRAJINY VYDAVATEĽA/PRODUCENTA | |
| Kód krajiny MARC | CZ |
| 020 ## - MEDZINÁRODNÉ ŠTANDARDNÉ ČÍSLO KNIHY (ISBN) | |
| Údaje o dostupnosti | 195 |
| 041 ## - KÓD JAZYKA | |
| Kód jazyka textu/zvukovej stopy alebo samostatných nápisov | cze |
| 245 10 - NÁZOV | |
| Názov | Spievaj že si, spievaj |
| 260 ## - VYDAVATEĽSKÉ ÚDAJE, DISTRIBÚCIA ATĎ. | |
| Názov vydavateľa, distibútora atď. | Panton |
| Miesto publikovania, distribúcie atď. | Praha |
| Dátum publikovania, distribúcie atď. | 1975 |
| Stav stiahnutia (Blokovanie) (Withrawn status) | Stav straty | Stav poškodenia (Damaged status) | Nie pre výpožičky (Not for loan) | Spôsob nadobudnutia (Collection code) | Trvalé umiestnenie | Aktuálne umiestnenie | Dátum nadobudnutia | Náklady, bežná kúpna cena | Inventárne číslo (prírastkové číslo) | Full call number | Dátum posledného výskytu | Cena s účinnosťou od | Typ jednotky Koha |
|---|---|---|---|---|---|---|---|---|---|---|---|---|---|
| Kúpa | Mestská knižnica Giraltovce | Mestská knižnica Giraltovce | 2019-11-29 | 195.00 | 14122 | I 0193 | 2019-11-29 | 2019-11-29 | Odborná literatúra pre dospelých |